The Making of a Global Bharat/ (Record no. 205465)

MARC details
000 -LEADER
fixed length control field 01026nam a22002537a 4500
003 - CONTROL NUMBER IDENTIFIER
control field dpl
005 - DATE AND TIME OF LATEST TRANSACTION
control field 20240902170427.0
008 - FIXED-LENGTH DATA ELEMENTS--GENERAL INFORMATION
fixed length control field 231221b |||||||| |||| 00| 0 eng d
010 ## - LIBRARY OF CONGRESS CONTROL NUMBER
LC control number ENG-141557
020 ## - INTERNATIONAL STANDARD BOOK NUMBER
International Standard Book Number 9788119798544
Terms of availability 499.00
035 ## - SYSTEM CONTROL NUMBER
System control number EN-125089
037 ## - SOURCE OF ACQUISITION
Source of stock number/acquisition DBAD
040 ## - CATALOGING SOURCE
Transcribing agency 0
082 ## - DEWEY DECIMAL CLASSIFICATION NUMBER
Classification number 320.4
100 ## - MAIN ENTRY--PERSONAL NAME
9 (RLIN) 70408
245 ## - TITLE STATEMENT
Title The Making of a Global Bharat/
Statement of responsibility, etc Edited By Harsh V Pant [and] Sameer Patil
260 ## - PUBLICATION, DISTRIBUTION, ETC. (IMPRINT)
Place of publication, distribution, etc New Delhi
Name of publisher, distributor, etc Har Anand Publications Pvy Ltd
Date of publication, distribution, etc 2024
270 ## - ADDRESS
Address E-49/3, Okhla Industrial Area, Phase-II
City New Delhi
Postal code 110020
State or province New Delhi
Country India
Telephone number 011-41603490
Fax number 011-41708607
Electronic mail address info@haranandpublications.com
300 ## - PHYSICAL DESCRIPTION
Extent 129p.
Dimensions 22cm(hb)
700 ## - ADDED ENTRY--PERSONAL NAME
Personal name Pant , Harsh V
Relator term Editor
9 (RLIN) 70845
700 ## - ADDED ENTRY--PERSONAL NAME
Personal name Patil, Sameer
Relator term Editor
9 (RLIN) 70846
942 ## - ADDED ENTRY ELEMENTS (KOHA)
Source of classification or shelving scheme Dewey Decimal Classification
Koha item type English Books
Classification part 320.4
Call number suffix MAK
Holdings
Withdrawn status Lost status Source of classification or shelving scheme Damaged status Not for loan Collection code Home library Current library Date acquired Source of acquisition Cost, normal purchase price Total Checkouts Full call number Barcode Date last seen Copy number Cost, replacement price Price effective from Koha item type
    Dewey Decimal Classification     Non-fiction Central Library Central Library 02/09/2024 Delivery of Books Act Division 499.00   320.4 MAK EN-125089 02/09/2024 1 499.00 02/09/2024 English Books

© Delhi Public Library
Hit Counter
free hit counter